| 000 | 00712nam a22002051 4500 | ||
|---|---|---|---|
| 001 | 134563 | ||
| 003 | ES-MaACL | ||
| 005 | 20230906194712.0 | ||
| 007 | t| | ||
| 008 | 070911s1975 sp ||||0| spa d | ||
| 040 |
_aM-BN _bspa _cA2 |
||
| 080 | _a711(038) | ||
| 130 | 0 |
_aEnciclopedia de la planificación urbana. _9121101 |
|
| 245 | 1 | 0 |
_aEnciclopedia de la planificación urbana / _cArnold Whittick, director... Traducida... por Joaquín Hernández Orozco. |
| 260 |
_aMadrid : _bInstituto de Estudios de Administración Local, _c1975. |
||
| 300 |
_a1405 p. : _bil. ; _c24 cm. |
||
| 650 | 4 |
_aUrbanismo- _vDiccionarios. _917699 |
|
| 700 | 1 |
_aWhittick, Arnold. _9116719 |
|
| 852 |
_aES-MaACL _jE-8275 _bR.92764 |
||
| 999 |
_c134563 _d134563 |
||